Problematika bibliografického popisu pri strojovom spracovaní národnej bibliografie

Bibliographic Details
Main Author: Ďurovčík, Štefan, 1936-1986 (Author)
Format: Article
Language:Slovak
Subjects:

MARC

LEADER 00000nab a2200000 a 4500
001 vtls000044857
003 SK-MaSNL
005 20260303023242.0
008 111031c1979 xo 0 slo
015 |a SNBRA19rr/mm-uuuuu 
035 |a CL0054952 
040 |a SNKBUCL  |b slo  |c SNKBUCL  |e AACR2 
041 0 |a slo 
044 |a xo  |c SK 
080 |a 015(437.6)  |2 1981 
080 |a 025.321.4  |2 1981 
100 1 |a Ďurovčík, Štefan,  |d 1936-1986  |4 aut  |9 112276 
245 1 0 |a Problematika bibliografického popisu pri strojovom spracovaní národnej bibliografie  |c Štefan Ďurovčík 
650 0 7 |a národná bibliografia  |2 snkbucl  |9 65859 
650 0 7 |a bibliografické záznamy  |2 snkbucl  |9 60896 
655 7 |a články zo zborníkov  |2 snkbucl  |9 166140 
655 7 |a články z odboru knihovníctvo  |2 snkbucl  |9 166141 
773 0 |t Automatizácia knižnično-bibliografických procesov 1977  |d Martin : Matica slovenská, 1979 
850 |a Slovenská národná knižnica v Martine  |a MTA001 
852 |a SNK  |b KIS3GCP 
958 |a RK 
958 |a KL 
992 |a RZB 
999 |c 1633439  |d 1635369